000 00296nam a22001337a 4500
008 170606b xxu||||| |||| 00| 0 eng d
020 _a9780742519909
041 _aeng
080 _a323
100 _a18
101 _ashh
245 _aGLOBALIZATION AND RESISTANCE
_cSMITH, J
942 _2udc
_cBK
999 _c16125
_d16125